Jeho tvorivý odkaz ostane živým prameňom Za národným umelcom Andrejom Plávkom

Bibliographic Details
Format: Article
Language:Slovak
Subjects:

MARC

LEADER 00000nab a2200000 a 4500
001 vtls000127203
003 SK-MaSNL
005 20260303032613.0
008 160215c1982 xo 0 slo
015 |a SNBRB19rr/mm-uuuuu 
035 |a CL0137308 
040 |a SNKBUCL  |b slo  |c SNKBUCL  |e AACR2 
041 0 |a slo 
044 |a xo  |c SK 
080 |a 82:929:885.4  |2 1981 
080 |a 885.4  |2 1981 
080 |a 929 Plávka, Andrej  |2 1981 
245 0 0 |a Jeho tvorivý odkaz ostane živým prameňom  |b Za národným umelcom Andrejom Plávkom 
600 1 7 |a Plávka, Andrej,  |d 1907-1982  |2 snkbucl  |9 184132 
655 7 |a články z novín a časopisov  |2 snkbucl  |9 267496 
655 7 |a články z odboru literárna veda a krásna literatúra  |2 snkbucl  |9 770045 
773 0 |t Hlas ľudu  |g Roč. 28, č. 164 (13. 7. 1982), s. /1-2/ 
850 |a Slovenská národná knižnica v Martine  |a MTA001 
852 |a SNK  |b KIS3GCP 
958 |a BX 
958 |a RK 
958 |a LX 
992 |a RBX 
999 |c 1665513  |d 1667443